| 000 | 00846nam a22002417a 4500 | ||
|---|---|---|---|
| 999 |
_c286824 _d286824 |
||
| 001 | 659 | ||
| 003 | UA-OsUOA | ||
| 005 | 20200126203445.0 | ||
| 007 | ta | ||
| 008 | 20050623b un ||||| |||| 00| 0 ukr d | ||
| 020 | _a966-8474-10-4 | ||
| 040 |
_aUA-OsUOA _bukr _cUA-OsUOA _dUA-OsUOA |
||
| 041 | _aukr | ||
| 080 | _a82.09(477) | ||
| 090 |
_a82.09(477) _bП24 |
||
| 100 | _aПелешенко Ю. В. | ||
| 245 |
_aУкраїнська література пізнього Середньовіччя (друга половина XIII - XV ст.): джерела, система жанрів, духовні інтенції, постаті _bмонографія |
||
| 260 |
_aК. _bФоліант _c2004 |
||
| 300 | _a423 с. | ||
| 650 | 7 |
_a82 Література. Літературознавство _2UDC |
|
| 942 |
_cBK _2udc |
||
| 955 | _a1 | ||